Deutsche Nationalspieler mit den meisten Länderspieltoren - Statistiken

Allgemein
  • Dieses Quiz wurde 98 mal gespielt
  • Das Durchschnittsergebnis liegt bei 12 aus 20
Antwortstatistiken
Tore Spieler % Korrekt
68 Gerd Müller
98%
71 Miroslav Klose
98%
45 Thomas Müller
98%
49 Lukas Podolski
88%
24 Bastian Schweinsteiger
81%
23 Lothar Matthäus
73%
47 Jürgen Klinsmann
70%
31 Mario Gomez
70%
23 Mesut Özil
66%
47 Rudi Völler
66%
45 Karl-Heinz Rummenigge
63%
42 Michael Ballack
62%
43 Uwe Seeler
62%
37 Oliver Bierhoff
42%
33 Fritz Walter
38%
24 Timo Werner
38%
29 Andreas Möller
27%
32 Klaus Fischer
23%
27 Edmund Conen
6%
31 Ernst Lehner
2%
Keine übereinstimmenden Quizze gefunden
Verteilung der Resultate
Anzahl Personen mit jedem Resultat
Perzentil nach korrekt beantworteten Fragen
Ihre Resultats-Entwicklung
Sie haben dieses Quiz noch nicht gespielt